00388nam a2200145Ia 4500003000400000005001700004008004100021040001800062041000800080100004600088110002600134245002800160260002000188710003400208OSt20260306094408.0211028s2008 xx 000 0 und d cAIMIT LIBRARY aeng aM, Ramya; Sreekumar, Hemalatha.g50971282 aD Souza, Manibhushan. aKnowledge base system / aMangalorec2008 aRobosoft Technologies Pvt Ltd